Том 12; Византийский временник

Sonraí bibleagrafaíochta
Parent link:Византийский временник: ежегодник/ Академия наук СССР (АН СССР), Институт всеобщей истории (ИВИ). Том 12.— , 1949-
Teanga:Rúisis
Foilsithe / Cruthaithe: 1957
Ábhair:
Formáid: LEABHAR
KOHA link:https://koha.lib.tpu.ru/cgi-bin/koha/opac-detail.pl?biblionumber=221902

MARC

LEADER 00000nam2a2200000 4500
001 221902
005 20231101230431.0
035 |a (RuTPU)RU\TPU\book\242084 
035 |a RU\TPU\book\242083 
090 |a 221902 
100 |a 20120917d1957 k y0rusy50 ca 
101 0 |a rus 
102 |a RU 
105 |a a z 001zy 
200 0 |a Том 12 
210 |d 1957 
215 |a 358 с.  |c ил. 
320 |a Библиогр. в конце ст. 
461 1 |0 (RuTPU)RU\TPU\book\24037  |t Византийский временник  |o ежегодник  |f Академия наук СССР (АН СССР), Институт всеобщей истории (ИВИ)  |v Том 12  |d 1949- 
606 1 |a Византия  |x История  |2 stltpush  |3 (RuTPU)RU\TPU\subj\59047  |9 76695 
610 1 |a история 
610 1 |a средние века 
610 1 |a христианство 
610 1 |a искусство 
610 1 |a культура 
686 |a Т3(0)4-9  |v LBC/SL-A  |2 rubbk 
801 0 |a RU  |b 63413507  |c 20011209  |g PSBO 
801 1 |a RU  |b 63413507  |c 20020422  |g PSBO 
801 2 |a RU  |b 63413507  |c 20230407  |g PSBO 
942 |c BK